|
|
|
|
| LEADER |
00985nab#a2200325#ar4500 |
| 001 |
000100713 |
| 003 |
SVKKK |
| 005 |
20100715132704.0 |
| 008 |
080707d1917 xo |||||||||||||||b|hun |
| FMT |
|
|
|
| 038 |
|
|
|a SVKKK
|
| 040 |
|
|
|a SVKKK
|b slo
|e AACR2
|
| 041 |
0 |
|
|a hun
|
| 044 |
|
|
|a xo
|c SK
|
| 080 |
|
|
|a 336.27:355/359
|2 1997
|
| 080 |
|
|
|a 355/359
|2 1997
|
| 242 |
1 |
0 |
|a Upísanie sa vojnovej pôžičke
|y slo
|
| 245 |
1 |
0 |
|a Hadikölcsön jegyzések
|
| 520 |
2 |
|
|a Obšírny prehľad VI. uhorskej vojnovej pôžičky za Zemplínsku župu. Menoslovy a výška pôžičky. Pôžičky by sa mali ukončiť ku dňu 12.06.1917
|
| 650 |
0 |
4 |
|a vojnová pôžička (VI.)
|x upísanie sumy
|z Zemplínska župa (Slovensko/Maďarsko)
|x 1917
|
| 655 |
|
4 |
|a hungariká
|
| 773 |
0 |
|
|t Zemplén
|g Roč. 48, č. 44 (2.06.1917) s. 2 a 3
|
| 957 |
|
|
|a Zemplínska župa
|
| 958 |
|
|
|a DG
|
| 958 |
|
|
|a HU
|
| 974 |
|
|
|a Ba
|
| 992 |
|
|
|a RBX
|
| 997 |
|
|
|d Zemplínska župa (región)
|
| BAS |
|
|
|
| 998 |
|
|
|a RETRO
|